000 00267nam a22001097a 4500
082 _a620.11 HOL'E
100 _aHOLES, K. A
_957249
245 _aEXPERIMENTAL STRENGTH OF MATERIALS A LABORATORY MANUAL
260 _aLONDON
_beup
_c1966
300 _a170P
942 _cBK
999 _c567540
_d567540